| 000 | 00534nam a2200181Ia 4500 | ||
|---|---|---|---|
| 005 | 20250326124151.0 | ||
| 008 | 250326s9999 xx 000 0 und d | ||
| 037 | _aTextbook | ||
| 040 |
_aFMSL _beng _cFMSL |
||
| 041 |
_aeng _2eng |
||
| 084 |
_aX:51 L2;5 _qFMSL |
||
| 100 |
_aChristopher M _9263429 |
||
| 245 | 0 |
_aMarketing logistics and distribution planning _cChristopher M; Wills G |
|
| 260 |
_aLondon _bLondon, George Allen & Unwin _c1972 |
||
| 300 | _a392p | ||
| 942 |
_cTB _hX:51 L2;5 |
||
| 999 |
_c1272561 _d1272561 |
||